Tate McRae - Tous les clips - Statistiques

Statistiques générales
  • Ce quiz a été pris 236 fois
    115 depuis la dernière actualisation
  • Le résultat moyen est 12 sur 23
Statistiques - réponses
Par images Réponse % Correct
2 hands
89%
greedy
87%
Revolving door
87%
Its ok Im ok
86%
Sports car
86%
you broke me first
86%
Just Keep Watching
85%
shes all i wanna be
80%
run for the hills
77%
exes
72%
NOBODY'S GIRL
69%
feel like shit
53%
10:35
49%
what would you do?
40%
working
24%
all my friends are fake
23%
friends dont look a friends that way
22%
stupid
21%
bad ones
20%
r u ok
15%
lie to me
13%
tear myself apart
11%
dont be sad
7%
Aucun quiz correspondant
Distribution des résultats
% des personnes avec chaque résultat
Percentile par nombre de réponses
Votre historique - résultats
Vous n’avez pas pris ce quiz depuis la dernière actualisation